000 00855nam a22002652a 4500
001 17575
003 BD-RjUL
005 20211209000149.0
008 140217s1966 nyu b 001 0 eng d
035 _a(BD-RjUL)17633
040 _aDLC
_cTJC
_dSER
_dEQO
_beng
041 _aeng
082 _a808.1
_bCRS
100 1 _aCrum, Ralph Brinckerhoff,
_d1888-
_954169
245 1 0 _aScientific thought in poetry /
_c Ralph B. Crum ...
260 _aNew York :
_bColumbia University Press,
_c1966.
300 _a246 p. ;
_c21 cm
490 1 _aColumbia University studies in English and comparative literature
504 _aBibliography: p. [239]-242
650 0 _aPoetry.
_954170
650 0 _aLiterature and science
_953108
830 0 _aColumbia University studies in English and comparative literature
_954182
942 _2ddc
_cBK
999 _c17575
_d17575